00248nam a22000737a 4500082001500000245010200015260003600117300002100153 a297.64 NAZ aFakahr ul mashaikh aur un ki Mantikhab Mahsareen /cNazeer Ahmed Shariqpuri Naqashbandi Mujhdadi  aLahore :bBazm-i-Jameel,c2020. a592 p. ;c21 cm.